00333nam a2200109Ia 4500008004100000082000800041100002100049245003300070942000600103952009900109999001500208240331s9999 xx 000 0 und d bSUB aSubramaniam, K.N 0aIlakkiyaththukku orr iyakkam cL 001040708LaWERCLbWERCLcSSCd2024-03-31l0o 891.811 SUBp4977r2024-03-31w2024-03-31yL c3801d3801